Top 13 canciones de Taylor - Estadísticas

Estadísticas generales
  • Esta prueba ha sido intentada 362 veces
  • La puntuación promedio es 2 de 13
Estadísticas de respuestas
Hint Respuesta % Correcto
Folklore cardigan
73%
Speak Now Enchanted
57%
1989 Clean
13%
Lover The Archer
11%
Lover Daylight
8%
Folklore my tears ricochet
7%
Speak Now Last Kiss
4%
Reputation New Year's Day
2%
Folklore the lakes
2%
1989 You Are In Love
2%
Evermore hapiness
1%
Fearless The Best Day
1%
Red The Last Time
1%
No se encontraron pruebas coincidentes
Distribución de puntuación
Porcentaje de gente con cada puntuación
Porcentaje por número respondido
Historial de tus puntuaciones
No has intentado esta prueba.